| 000 | 00641nam a2200181 a 4500 | ||
|---|---|---|---|
| 008 | 120416s1987 ||||||||||||||||| || u | ||
| 020 | _a0471808067 | ||
| 050 | _aTK 7888.3 Hil | ||
| 100 | _aHill, Fredrick J | ||
| 245 | 1 | 0 | _aDigital systems: hardware organization and design. (3rd ed.) |
| 250 | _a3rd. ed | ||
| 260 |
_aNew York _bJohn Wiley and Sons _c1987 |
||
| 300 | _axi, 601p. : ill | ||
| 350 | _a0.00 | ||
| 650 | 0 | _aCOMPUTER ARCHITECTURE | |
| 650 | 0 | _aCOMPUTER ENGINEERING | |
| 995 |
_D0.00 _FCBU-MAIN LIBRARY (Kitwe) _H1 _I58.00 _UAVAILABLE _ZMain Library Open Access Collection |
||
| 999 |
_c40196 _d40196 |
||